Counties of New England - Statistics

General Stats
  • This quiz has been taken 27 times
  • The average score is 35 of 67
Answer Stats
Answer % Correct
Middlesex
80%
Middlesex
80%
Providence
80%
Berkshire
73%
Essex
73%
Essex
73%
Franklin
73%
Franklin
73%
Franklin
73%
Hampshire
73%
New Haven
73%
Norfolk
73%
Suffolk
73%
Washington
73%
Washington
73%
Washington
73%
Bristol
67%
Bristol
67%
Hartford
67%
Nantucket
67%
Plymouth
67%
Worcester
67%
York
67%
Barnstable
60%
Coos
60%
Hampden
60%
New London
60%
Dukes
53%
Fairfield
53%
Hillsborough
53%
Litchfield
53%
Merrimack
53%
Newport
53%
Oxford
53%
Penobscot
53%
Windham
53%
Windham
53%
Aroostook
47%
Cheshire
47%
Cumberland
47%
Grafton
47%
Kent
47%
Lincoln
47%
Rockingham
47%
Rutland
47%
Tolland
47%
Grand Isle
40%
Somerset
40%
Sullivan
40%
Windsor
40%
Addison
33%
Belknap
33%
Bennington
33%
Carroll
33%
Chittenden
33%
Hancock
33%
Kennebec
33%
Knox
33%
Lamoille
33%
Orange
33%
Orleans
33%
Strafford
33%
Androscoggin
27%
Caledonia
27%
Piscataquis
27%
Waldo
27%
Sagadahoc
20%
No matching quizzes found
Score Distribution
Percent of People with Each Score
Percentile by Number Answered
Your Score History
You have not taken this quiz